| 000 | 00551nam a22002177a 4500 | ||
|---|---|---|---|
| 999 |
_c35298 _d35298 |
||
| 003 | OSt | ||
| 005 | 20220530153705.0 | ||
| 008 | 220530b ||||| |||| 00| 0 spa d | ||
| 020 | _a978-987-9065-84-6 | ||
| 040 | _cBiblioteca Ernesto Sábato | ||
| 092 |
_a401 _bC656 _eJLS |
||
| 100 | _aCobley, Paul | ||
| 245 | _aSemiótica para principiantes | ||
| 250 | _a1a. ed. | ||
| 260 |
_aBuenos Aires _bEra Naciente _c2012 |
||
| 300 | _a175 p. | ||
| 440 |
_aDocumentales ilustrados _n ; 78 |
||
| 650 | _aSEMIOTICA | ||
| 650 | _aJLS/ | ||
| 942 |
_2ddc _cJLS |
||